000 00433nam a22001217a 4500
008 230609b xxu||||| |||| 00| 0 eng d
082 _a354.676
_bGOK
110 _bGOK
245 _a2008/2009 District Allocation Budget and Project details of GOK for the year Ending 30th June 2009
_bVote R20 and D20
_cMinistry of water and irrigation
260 _aKenya
_bMinistry of water and irrigation
_cJune 2009
300 _a218p
942 _2ddc
_cBK
999 _c964
_d964